mysqli: Table './ulib62015/stat_globaluid' is marked as crashed and should be repaired
select id from stat_globaluid where statuid='20260517093337_579'
mysqli: Table './ulib62015/stat_globaluid' is marked as crashed and should be repaired
DELETE FROM stat_globaluid
WHERE id NOT IN (
SELECT id
FROM (
SELECT id
FROM stat_globaluid
ORDER BY id DESC
LIMIT 100
) foo
);
mysqli: Table './ulib62015/stat_globaluid' is marked as crashed and should be repaired
insert into stat_globaluid set
statuid='20260517093337_579',
dt='1778985217',
phpself='/ULIB62015/dublinfull.php',
agent='Mozilla/5.0 AppleWebKit/537.36 (KHTML, like Gecko; compatible; ClaudeBot/1.0; +claudebot@anthropic.com)',
yea='2026',
mon='5',
dat='17',
ip='216.73.216.45'
mysqli: Table './ulib62015/stathist_viewbib_bib_type' is marked as crashed and should be repaired
insert into stathist_viewbib_bib_type set
dat='17' ,
mon='05' ,
yea='2026' ,
statuid='20260517093337_579' ,
head='13399122353' ,
foot='marc' ,
dt='1778985217'
| LEADER : 00000nam 2200000uu 4500 |
| 001 13399122353 |
| 003 ULIB |
| 008 190814s2560||||th 000 0 tha d |
| 099 ^aวจวทก.^bพ873ผ 2560
|
| 110 0 ^aเพชรไพลิน รักษารัจน์
|
| 245 00 ^aผลของการให้สุขศึกษาร่วมกับการนวดกดจุดสะท้อนฝ่าเท้าต่อผู้ติดบุหรี่ในโรงพยาบาลส่งเสริมสุขภาพตำบลบ้านบางเหลียว อำเภอปลายพระยา จังหวัดกระบี่ / เพชรไพลิน รักษารัจน์
|
| 260 ^aนนทบุรี :^bวิทยาลัยเทคโนโลยีทางการแพทย์และสาธารณสุข กาญจนาภิเษก,^c2560
|
| 300 ^a60 หน้า:^bตาราง;^c30 ซม.
|
| 500 ^aการศึกษาปัญหาพิเศษทางการแพทย์แผนไทยนี้ เป็นส่วนหนึ่งของการศึกษาตามหลักสูตรปริญญาการแพทย์แผนไทยบัณฑิต สาขาวิชาการแพทย์แผน วิทยาลัยเทคโนโลยีทางการแพทย์และสาธารณสุข กาญจนาภิเษก สถาบันสมทบของ คณะทรัพยากรธรรมชาติ มหาวิทยาลัยเทคโนโลยีราชมงคลอีสาน วิทยาเขตสกลนคร พ.ศ.2560
|
| 650 0 ^aผลของการให้สุขศึกษาร่วมกับการนวดกดจุดสะท้อนฝ่าเท้าต่อผู้ติดบุหรี่ในโรงพยาบาลส่งเสริมสุขภาพตำบลบ้านบางเหลียว อำเภอปลายพระยา จังหวัดกระบี่ ^xวิทยาลัยเทคโนโลยีทางการแพทย์และสาธารณสุข กาญจนาภิเษก.^y
|
| 700 0 ^a ผศ.(พิเศษ)ดร.วินัย สยอวรรณ ,^eอาจารย์ที่ปรึกษา
|
| 710 0 ^aวิทยาลัยเทคโนโลยีทางการแพทย์และสาธารณสุข กาญจนาภิเษก
|
| 945 ^p0^l0^i027006 |
| 999 ^a57097
|
| คุณยังไม่ได้ล็อกอิน คุณสามารถมีกิจกรรมร่วมกับเว็บไซต์ได้ แต่ต้องล็อกอินก่อน :: |
|
|
|
| ลำดับที่ |
ประเภท |
เลขเรียก/บาร์โค้ด |
สถานที่ |
สถานะ |
| 1. |
 งานวิจัย | วจวทก. พ873ผ 2560 Barcode: 027006 | วิจัย | บนชั้น |
|
ยังไม่เคยถูกคอมเมนท์
|
| คอมเมนท์ทรัพยากรรายการนี้ |
|